000 01079nam a22003377a 4500
001 0002237
003 KOHA_MİRAKIL
005 20260207001308.0
007 ta
008 090223b1998 tu |||gr||||#||||0|tur |
020 _cTL0,01
040 _aTR-BiSEU
_btur
_cTR-BiSEU
_erda
041 0 _atur
044 _ctu
050 _aHB201
_b.A23 1998
100 1 _aAbaan, Ernur Demir.
245 1 _aFayda teorisi ve rasyonel seçimler/
_cErnur Demir Abaan ; Ernur Demir Abaan.
264 1 _aAnkara :
_bTCMB
_c1998
300 _aVII, 256 sayfa
336 _ametin
_btxt
_2rdacontent
337 _aaracısız
_bn
_2rdamedia
338 _acilt
_bnc
_2rdacarrier
490 1 _aT.C.
490 1 _aMerkez Bankası Araştırma Genel Müdürlüğü Tartışma Tebliği ;
_vno: 2002/3
500 _aKaynakça var.
650 0 _aYarar kurami--matematiki modeller.
_96624
650 0 _aUtility theory--Mathematical models.
_96625
830 1 _aT.C.
_96297
830 1 _aMerkez Bankası Araştırma Genel Müdürlüğü Tartışma Tebliği ;
_vno: 2002/3
_96626
942 _2lcc
_cBK
999 _c2224
_d2224